| 000 | 00983nam a2200181 a 4500 | ||
|---|---|---|---|
| 008 | 081002s2007 ||||||||||||||||| || u | ||
| 050 | _aUN0(058)MDGR/2007 | ||
| 110 | _aUnited Nations Organisation (UNO) | ||
| 245 | 1 | 4 |
_aThe millennium development goals report 2007 _cby United Nations |
| 260 |
_aNew York: _bUnited Nations _c2007 |
||
| 300 | _a36p.: ill. | ||
| 350 | _a0.00 | ||
| 650 | 0 | _aAFRICA--ECONOMIC CONDITIONS | |
| 650 | _aMILLENNIUM DEVELOPMENT GOALS | ||
| 995 |
_aSPECIAL COLLECTIONS _e55830 _FCBU-MAIN LIBRARY (Kitwe) _I0.00 _jUN0(058)MDGR/2007C _M3 _UAVAILABLE _WJul 14, 2014 _y55830 _ZInternational Publications |
||
| 995 |
_aSPECIAL COLLECTIONS _D0.00 _eUNO(058)MDGR/2007/A _FCBU-MAIN LIBRARY (Kitwe) _H1 _I0.00 _jUNO(058)MDGR/2007/A _M1 _UAVAILABLE _WOct 2, 2008 _y03003003 _ZInternational Publications |
||
| 995 |
_aSPECIAL COLLECTIONS _D0.00 _eUNO(058)MDGR/2007/B _FCBU-MAIN LIBRARY (Kitwe) _H1 _I0.00 _jUNO(058)MDGR/2007/B _M2 _UAVAILABLE _WNov 5, 2009 _y03004762 _ZInternational Publications |
||
| 999 |
_c77656 _d77656 |
||